[Event "1/32 Finale"]
[Site "www.chess-mail.com"]
[Date "2017.11.06"]
[Round "1"]
[White "Pforjan"]
[Black "Corr"]
[WhiteElo "2399"]
[BlackElo "2020"]
[Result "0-1"]
[Round "1"]
1.b3 e5
2.Bc1b2 Nb8c6
3.e3 d5
4.Bf1b5 Bf8d6
5.f4 Qd8h4
6.g3 Qh4e7
7.Ng1f3 f6
8.Qd1e2 exf4
9.gxf4 Bc8d7
10.Nb1c3 Qe7f7
11.e4 dxe4
12.Nc3xe4 O-O-O
13.Ne4xd6 cxd6
14.O-O-O Ng8h6
15.Qe2d3 Bd7f5
16.Qd3c3 Qf7d5
17.Nf3d4 Qd5xd4
18.Qc3xd4 Nc6xd4
19.Bb2xd4 a6
20.Bb5e2 Rh8e8
21.Rd1e1 Re8e4
22.Bd4e3 Rd8e8
23.Be2f3 Re4e7
24.Rh1g1 g6
25.Be3f2 Re7xe1
26.Rg1xe1 Re8xe1
27.Bf2xe1 Bf5d7
28.Be1h4 Bd7c6
29.Bf3e2 f5
30.d3 Kd7
31.Kd2 b5
32.Kc3 Nh6g4
33.Be2xg4 fxg4
34.Kb4 Kc7
35.c4 bxc4
36.bxc4 d5
37.Kc5 dxc4
38.dxc4 Bc6e4
39.a3 Be4c2
40.Bh4f6 h5
41.Bf6e5 Kd7
42.Kb6 Ke6
43.c5 h4
44.Be5d4 Kd5
45.Bd4f2 g3
46.hxg3 h3
47.Bf2g1 Ke4
48.c6 Kf3
49.g4 Kxg4
50.f5 Bc2xf5
51.Bg1h2 Kf3
52.Kxa6 Kg2
53.Bh2e5 g5
54.Kb7 g4
{ resign }
0-1

[Event "Tourn. n9570"]
[Site "www.chess-mail.com"]
[Date "2017.11.07"]
[Round "1"]
[White "Passaroa25"]
[Black "Azulmarino"]
[WhiteElo "1680"]
[BlackElo "1630"]
[Result "1-0"]
[Round "1"]
1.e4 e5
2.f3 Nb8c6
3.c3 Bf8c5
4.Ng1e2 d6
5.Ne2g3 Ng8f6
6.Qd1e2 Bc8e6
7.d3 O-O
8.Nb1d2 a6
{ time. }
1-0

[Event "Tourn. n9563"]
[Site "www.chess-mail.com"]
[Date "2017.11.07"]
[Round "1"]
[White "Nulladies"]
[Black "Dussek"]
[WhiteElo "1940"]
[BlackElo "1820"]
[Result "0-1"]
[Round "1"]
1.d4 Ng8f6
2.Bc1f4 g6
3.e3 Bf8g7
4.c3 O-O
5.Nb1d2 d6
6.Bf1e2 c5
7.Ng1f3 b6
8.Be2d3 d5
9.O-O Nb8c6
10.Rf1e1 c4
11.Bd3c2 Bc8b7
12.e4 e6
13.e5 Nf6d7
14.b4 b5
15.a4 a6
16.a5 f6
17.Bf4g3 f5
18.Bg3f4 h6
19.Bf4e3 Rf8f7
20.Nd2f1 Nc6e7
21.Qd1d2 Qd8f8
22.h4 f4
23.Nf1h2 fxe3
24.Re1xe3 Ne7f5
25.Re3e2 Qf8e7
26.g4 Nf5xh4
27.Nf3xh4 Qe7xh4
28.f3 Ra8f8
29.Qd2e1 Qh4g5
30.Re2f2 h5
31.Qe1b1 hxg4
32.Nh2xg4 Rf7xf3
33.Rf2g2 Rf8f4
34.Ng4h2 Rf3g3
35.Bc2xg6 Rg3xg2
36.Kh1 Rf4h4
{ resign }
0-1

[Event "Tourn. n9522"]
[Site "www.chess-mail.com"]
[Date "2017.11.07"]
[Round "1"]
[White "Vios"]
[Black "Claymil"]
[WhiteElo "2010"]
[BlackElo "2080"]
[Result "1-0"]
[Round "1"]
1.e4 c5
2.c3 Nb8c6
3.d4 cxd4
4.cxd4 d5
5.e5 g6
6.Nb1c3 h6
7.f4 Bf8g7
8.Ng1f3 a6
9.Bc1e3 e6
10.Bf1e2 Ng8e7
11.O-O O-O
12.Nc3a4 b6
13.Be3f2 Bc8b7
14.Qd1b3 Ne7c8
15.Ra1c1 Rf8e8
16.Qb3d1 f6
17.exf6 Bg7xf6
18.Be2d3 Kg7
19.Nf3e5 Nc8e7
20.Qd1g4 Bf6xe5
21.fxe5 Ne7f5
22.Bd3xf5 exf5
23.Qg4h3 Re8h8
24.Bf2h4 g5
25.Qh3xf5 Rh8f8
26.Qf5g4 Bb7c8
27.Qg4h5 gxh4
28.Rf1xf8 Qd8xf8
29.Rc1xc6 Kh7
30.Rc6f6 { resign }
1-0

[Event "Tourn. n9547"]
[Site "www.chess-mail.com"]
[Date "2017.11.07"]
[Round "1"]
[White "Bojan"]
[Black "Andychesston"]
[WhiteElo "2050"]
[BlackElo "2030"]
[Result "1-0"]
[Round "1"]
1.e4 e5
2.Ng1f3 Nb8c6
3.d4 exd4
4.Nf3xd4 Qd8f6
5.Bc1e3 Bf8c5
6.c3 Nc6xd4
7.cxd4 Bc5b6
8.Nb1c3 Ng8e7
9.Bf1e2 O-O
10.Nc3a4 Bb6a5
11.Na4c3 Qf6g6
12.Be2f3 f5
13.e5 d5
14.exd6 Qg6xd6
15.O-O Ba5xc3
16.bxc3 f4
17.Be3c1 c6
18.a4 Bc8e6
19.Rf1e1 Be6d5
20.Bc1a3 Qd6d7
21.Re1xe7 Qd7f5
22.Re7xb7 Rf8e8
23.Bf3xd5 cxd5
24.Qd1f3 Re8e6
25.h3 Ra8e8
26.Kf1 Re6b6
27.Rb7xb6 axb6
28.Ba3d6 g5
29.g3 Qf5xh3
30.Kg1 Qh3f5
31.Kh2 fxg3
32.Kxg3 Qf5e6
33.Bd6e5 Re8f8
34.Qf3h5 Qe6f5
35.f3 Rf8f7
36.a5 b5
37.a6 Qf5d3
38.a7 Kf8
39.a8Q { resign }
1-0

[Event "Tourn. n9599"]
[Site "www.chess-mail.com"]
[Date "2017.11.07"]
[Round "1"]
[White "Apdash"]
[Black "Prize64"]
[WhiteElo "2280"]
[BlackElo "2000"]
[Result "1-0"]
[Round "1"]
1.d4 Ng8f6
2.Ng1f3 g6
3.c3 Bf8g7
4.Bc1g5 O-O
5.Qd1c2 d5
6.e3 Nb8d7
7.Bf1d3 Rf8e8
8.Nb1d2 c5
9.dxc5 Nd7xc5
10.Bg5xf6 Bg7xf6
11.Nd2b3 Nc5xd3
12.Qc2xd3 Bc8f5
13.Qd3b5 b6
14.Nf3d4 Bf5c8
15.c4 Bc8d7
16.Qb5xd5 Qd8c8
17.Ra1c1 { resign }
1-0

[Event "Tourn. n9565"]
[Site "www.chess-mail.com"]
[Date "2017.11.07"]
[Round "1"]
[White "Luban"]
[Black "Tonino1"]
[WhiteElo "2130"]
[BlackElo "2230"]
[Result "1-0"]
[Round "1"]
1.d4 Ng8f6
2.c4 g6
3.e3 Bf8g7
4.Nb1c3 O-O
5.Ng1f3 d6
6.h3 h6
7.Bf1d3 c6
8.O-O Qd8c7
9.e4 e5
10.d5 c5
11.a3 a6
12.b4 b6
13.Bc1b2 Nf6h5
14.b5 a5
15.a4 Nh5f4
16.Nc3e2 Nf4xd3
17.Qd1xd3 f5
18.Nf3h4 Kh7
19.Qd3g3 Qc7f7
20.exf5 gxf5
21.f4 e4
22.Qg3xg7 Qf7xg7
23.Bb2xg7 Kxg7
24.Ne2g3 Ra8a7
25.Ng3h1 Ra7e7
26.Ra1e1 Nb8d7
27.g4 fxg4
28.hxg4 Nd7f6
29.g5 hxg5
30.fxg5 Nf6g4
31.Rf1xf8 Kxf8
32.Nh4g6  { time }
1-0

[Event "Tourn. n9579"]
[Site "www.chess-mail.com"]
[Date "2017.11.07"]
[Round "1"]
[White "Cal"]
[Black "Begory"]
[WhiteElo "1700"]
[BlackElo "1610"]
[Result "1-0"]
[Round "1"]
1.c4 d5
2.c5 Nb8d7
3.d4 c6
4.Nb1c3 Ng8f6
5.h3 e5
6.Bc1g5 Bf8e7
7.e3 h6
8.Bg5xf6 Be7xf6
9.Ng1e2 exd4
10.exd4 O-O
11.Ne2f4 Rf8e8
12.Bf1e2 b6
13.b4 bxc5
14.bxc5 Bc8a6
15.O-O Ba6xe2
16.Nc3xe2 Bf6g5
17.Nf4d3 Nd7f6
18.f4 Bg5h4
19.Rf1f3 Qd8e7
20.Ne2c3 Nf6e4
21.Rf3e3 Qe7f6
22.Nc3e2 Ne4g3
23.Ne2xg3 Re8xe3
24.Ng3h5 Qf6g6
25.Nd3e5 Qg6e4
26.a4 Ra8c8
27.Ne5f3 Bh4f6
28.Nh5g3 Qe4xf4
29.Ng3h5 Qf4c7
30.Nh5xf6 gxf6
31.Nf3h4 Qc7g3
32.Nh4f5 Qg3f4
33.Qd1h5 Re3e2
34.Nf5xh6 Kf8
35.Qh5xf7 { resign }
1-0

[Event "Tourn. n9604"]
[Site "www.chess-mail.com"]
[Date "2017.11.07"]
[Round "1"]
[White "Apdash"]
[Black "Bojan"]
[WhiteElo "2230"]
[BlackElo "2010"]
[Result "1-0"]
[Round "1"]
1.e4 e5
2.Ng1f3 d6
3.d4 exd4
4.Nf3xd4 g6
5.Bf1c4 Bf8g7
6.O-O Qd8f6
7.c3 Ng8e7
8.Bc1e3 Nb8c6
9.Bc4b5 Bc8d7
10.Nd4xc6 Ne7xc6
11.Bb5xc6 Bd7xc6
12.Nb1d2 O-O
13.Qd1c2 Rf8e8
14.Ra1e1 Qf6h4
15.f4 Re8e7
16.Be3d4 Bg7h6
17.Qc2d3 Ra8e8
18.Re1e2 f5
19.e5 a6
20.b3 Re7e6
21.Re2f2 dxe5
22.Bd4xe5 Re8d8
23.Qd3c4 Qh4e7
24.a4 Rd8d5
25.Nd2f3 Qe7d7
26.Nf3d4 b5
27.axb5 axb5
28.Qc4d3 Re6e8
29.Qd3h3 Bh6g7
30.Be5xg7 Kxg7
31.Rf2a2 Bc6b7
32.Qh3g3 c5
33.Nd4f3 Rd5d3
34.Ra2c2 Re8e3
35.Rf1e1 Rd3xc3
36.Rc2xc3 Re3xc3
37.Qg3g5 Kg8
38.Re1e7 Qd7d1
39.Re7e1 Qd1d6
40.Re1e8 Kf7
41.Re8d8 Qd6e6
42.Nf3e5 Kg7
43.Rd8d7 Kg8
44.Qg5d8 { resign }
1-0

[Event "Tourn. n9530"]
[Site "www.chess-mail.com"]
[Date "2017.11.07"]
[Round "1"]
[White "Azulmarino"]
[Black "Julian"]
[WhiteElo "1520"]
[BlackElo "1570"]
[Result "0-1"]
[Round "1"]
1.e4 d6
2.Nb1c3 Ng8f6
3.Ng1f3 e5
4.Bf1c4 Bc8e6
5.d3 Bf8e7
6.h3 Be6xc4
7.dxc4 c6
8.Bc1g5 O-O
9.Nf3h4 h6
10.Bg5e3 Nb8d7
11.Nh4f5 Rf8e8
12.Be3xh6 gxh6
13.Qd1f3 Be7f8
14.Qf3g3 Kh7
15.O-O-O Re8e6
16.h4 Nf6h5
17.Qg3e3 Nh5f4
18.Nc3e2 Qd8b6
19.Qe3g3 Nf4xe2
{ resign }
0-1

[Event "Tourn. n9497"]
[Site "www.chess-mail.com"]
[Date "2017.11.07"]
[Round "1"]
[White "Theo64"]
[Black "Prize64"]
[WhiteElo "1729"]
[BlackElo "1740"]
[Result "0-1"]
[Round "1"]
1.e4 e6
2.d4 d5
3.Nb1c3 Ng8f6
4.e5 Nf6d7
5.f4 c5
6.Ng1f3 Nb8c6
7.Bc1e3 Bf8e7
8.Bf1b5 cxd4
9.Nf3xd4 Nc6xd4
10.Be3xd4 O-O
11.O-O g6
12.Rf1f3 a6
13.Bb5d3 Nd7c5
14.Rf3h3 Nc5xd3
15.Qd1xd3 Rf8e8
16.g4 f6
17.Ra1f1 Bc8d7
18.Rf1f3 fxe5
19.Bd4xe5 Be7f6
20.Qd3d4 Re8f8
21.g5 Bf6xe5
22.Qd4xe5 Qd8b6
23.Kg2 Rf8f5
24.Qe5e3 Qb6xe3
25.Rf3xe3 Rf5xf4
26.Re3f3 Rf4xf3
27.Rh3xf3 Ra8f8
28.Rf3xf8 Kxf8
29.Nc3e2 e5
30.Kf2 Ke7
31.c3 Bd7b5
32.Ne2g3 Kd6
33.b3 Bb5c6
34.Ke3 b6
35.h4 Bc6d7
36.c4 Bd7c6
37.cxd5 Bc6xd5
38.Ng3e2 a5
 { time }
0-1

[Event "Tourn. n9541"]
[Site "www.chess-mail.com"]
[Date "2017.11.07"]
[Round "1"]
[White "Odin"]
[Black "Nulladies"]
[WhiteElo "1830"]
[BlackElo "1930"]
[Result "1-0"]
[Round "1"]
1.e4 c5
2.Bf1c4 e6
3.Ng1f3 Nb8c6
4.a4 a6
5.c3 d5
6.exd5 exd5
7.Bc4a2 Qd8e7
8.Qd1e2 Qe7xe2
9.Kxe2 c4
10.Rh1e1 Bc8e6
11.Kf1 Ng8f6
12.Nf3g5 Nc6d8
13.b3 b5
14.Bc1a3 Bf8xa3
15.Nb1xa3 O-O
16.axb5 axb5
17.Na3xb5 Be6d7
18.Nb5c7 Ra8b8
19.bxc4 dxc4
20.Nc7a6 Rb8b2
21.Ba2xc4 Nd8e6
22.Bc4xe6 fxe6
23.Na6c5 Rb2xd2
24.Ng5xe6 Bd7b5
25.Kg1 Rf8c8
26.Ne6d4 Bb5c4
27.Nc5b7 Bc4d5
28.Nd4f5 Rc8c7
29.Ra1a8 Kf7
30.Nb7d6 Kg6
31.Ra8a3 Kh5
32.Nf5g3 Kh6
33.Nd6f5 Kg6
34.h3 Bd5c4
35.Nf5h4 Kf7
36.Ng3f5 Rc7d7
37.Nh4f3 Rd2d3
38.Nf3e5 Ke6
39.Ne5xd7 Kxf5
40.Nd7e5 Nf6e4
41.Ne5xc4 Rd3xc3
42.g4 Kf4
43.Re1xe4 { resign }
1-0

[Event "Tourn. n9577"]
[Site "www.chess-mail.com"]
[Date "2017.11.07"]
[Round "1"]
[White "Dussek"]
[Black "Caspito"]
[WhiteElo "1780"]
[BlackElo "1890"]
[Result "0-1"]
[Round "1"]
1.e4 e5
2.Ng1f3 Nb8c6
3.Bf1b5 a6
4.Bb5a4 b5
5.Ba4b3 Nc6d4
6.Nf3xd4 exd4
7.d3 Bc8b7
8.Qd1f3 Qd8f6
9.Qf3g3 c6
10.Bc1g5 Qf6g6
11.h4 a5
12.a3 Ng8h6
13.Nb1d2 Bf8d6
14.Qg3f3 O-O
15.O-O-O c5
16.Bg5xh6 gxh6
17.g4 Bd6e5
18.Rh1g1 a4
19.h5 Qg6g7
20.Rg1g2 axb3
21.Nd2xb3 d6
22.Rd1g1 c4
23.g5 Kh8
24.gxh6 Qg7xh6
25.Nb3d2 c3
26.bxc3 dxc3
27.Qf3g4 cxd2
28.Kd1 b4
29.axb4 d5
30.Qg4f5 Be5d4
31.Rg2g5 Bd4xf2
32.Qf5xf2 dxe4
33.Qf2d4 f6
34.Kxd2 exd3
35.cxd3 Bb7a6
36.Kc3 Ra8c8
37.Kb3 Rc8d8
38.Qd4c3 Rd8xd3
{ resign }
0-1

[Event "Tourn. n9499"]
[Site "www.chess-mail.com"]
[Date "2017.11.07"]
[Round "1"]
[White "Johnmcbride"]
[Black "Falcoale"]
[WhiteElo "2030"]
[BlackElo "2020"]
[Result "1-0"]
[Round "1"]
1.Nb1c3 c5
2.d4 cxd4
3.Qd1xd4 Nb8c6
4.Qd4d3 e6
5.e4 a6
6.Ng1e2 Ng8f6
7.f4 Bf8c5
8.Qd3g3 O-O
9.Bc1d2 Bc5b6
10.e5 Nf6e8
11.a4 Nc6b4
12.O-O-O Ne8c7
13.Nc3e4 Nc7d5
14.Bd2xb4 Nd5xb4
15.Kb1 g6
16.c3 Nb4d5
17.Qg3d3 Bb6a7
18.g4 Nd5e3
19.Ne4f6 Kg7
20.Rd1d2 b5
21.axb5 axb5
22.Qd3xb5 Ne3xf1
23.Rh1xf1 Ra8b8
24.Qb5d3 Rb8b7
25.b4 Ba7c5
26.Qd3e4 Qd8a5
27.Ne2d4 Qa5a3
28.Rd2a2 Qa3xc3
29.Nd4c2 Bc5e7
30.Rf1f3 Be7xb4
31.Rf3xc3 Bb4xc3
32.Kc1 Rb7c7
33.Qe4e3 Bc3b4
34.Kd1 Bc8b7
35.Nc2xb4 Rf8d8
36.Qe3b6 Bb7f3
37.Kd2 Rc7c8
38.g5 h6
39.h4 hxg5
40.hxg5 Rc8b8
41.Qb6d6 Rb8b7
42.Ke3 { resign }
1-0

[Event "Tourn. n9532"]
[Site "www.chess-mail.com"]
[Date "2017.11.07"]
[Round "1"]
[White "Claymil"]
[Black "Ssharp"]
[WhiteElo "2120"]
[BlackElo "2200"]
[Result "1-0"]
[Round "1"]
1.c4 c5
2.Nb1c3 Nb8c6
3.g3 g6
4.Bf1g2 Bf8g7
5.e3 Ng8f6
6.Ng1e2 O-O
7.d4 cxd4
8.exd4 d6
9.O-O Bc8d7
10.b3 Ra8c8
11.Bc1b2 a6
12.Ra1c1 b6
13.Rf1e1 Rf8e8
14.a3 Qd8c7
15.b4 Qc7a7
16.Ne2f4 Qa7b8
17.h3 Nc6a7
18.Nf4d5 e6
19.Nd5xf6 Bg7xf6
20.Nc3e2 Bf6g7
21.Qd1d2 Rc8d8
22.Qd2c2 Bd7c8
23.Ne2f4 Bc8b7
24.f3 Na7c6
25.Rc1d1 Nc6e7
26.c5 bxc5
27.dxc5 dxc5
28.Bb2xg7 Kxg7
29.Qc2xc5 Rd8xd1
30.Re1xd1 Ne7d5
31.Nf4xd5 Bb7xd5
32.Kh2 Qb8b7
33.Rd1c1 Bd5xf3
34.Qc5c3 { resign }
1-0

[Event "Match"]
[Site "www.echecsemail.com"]
[Date "2017.11.07"]
[Round "1"]
[White "Billyg"]
[Black "Et1"]
[WhiteElo "1770"]
[BlackElo "1809"]
[Result "1-0"]
[Round "1"]
1.e4 e5
2.Ng1f3 Nb8c6
3.d4 exd4
4.Nf3xd4 Nc6e5
5.a3 Qd8f6
6.f4 Ne5g6
7.g3 Bf8c5
8.Bf1g2 Bc5xd4
9.e5  { time }
1-0

[Event "Match"]
[Site "www.echecsemail.com"]
[Date "2017.11.07"]
[Round "1"]
[White "Eulero76"]
[Black "Mrmoto"]
[WhiteElo "1709"]
[BlackElo "1710"]
[Result "1-0"]
[Round "1"]
1.c4 c5
2.g3 g6
3.Bf1g2 Bf8g7
4.Nb1c3 Nb8c6
5.a3 a6
6.Ra1b1 Ng8f6
7.b4 d6
8.bxc5 dxc5
9.Ng1f3 O-O
10.d3 Nf6h5
11.Nc3d5 e6
12.Nd5b6 Ra8a7
13.O-O Nc6d4
14.Nf3xd4 Bg7xd4
15.Qd1b3 Bd4g7
16.Nb6xc8 Qd8xc8
17.Qb3b6 Qc8b8
18.Qb6xc5 b5
19.Bc1e3 Rf8c8
20.Qc5xa7 Qb8xa7
21.Be3xa7 { resign }
1-0

[Event "Match"]
[Site "www.echecsemail.com"]
[Date "2017.11.07"]
[Round "1"]
[White "Tonino1"]
[Black "Joseph1983"]
[WhiteElo "2330"]
[BlackElo "2210"]
[Result "1/2-1/2"]
[Round "1"]
1.d4 Ng8f6
2.f4 g6
3.e3 Bf8g7
4.Bf1d3 d5
5.Ng1f3 Bc8g4
6.O-O Bg4xf3
7.Qd1xf3 O-O
8.c3 Nb8d7
9.Nb1d2 e6
10.e4 dxe4
11.Nd2xe4 c6
12.Ne4xf6 Nd7xf6
13.Bc1e3 Nf6d5
14.Be3f2 Qd8f6
15.Bf2g3 Bg7h6
16.a3 Rf8d8
17.Ra1d1 Rd8d7
18.Kh1 Nd5e7
19.Qf3g4 Ne7f5
20.Bd3xf5 exf5
21.Qg4h4 Qf6xh4
{ draw }
1/2-1/2

[Event "Match"]
[Site "www.echecsemail.com"]
[Date "2017.11.07"]
[Round "1"]
[White "Silikon"]
[Black "Theo64"]
[WhiteElo "1900"]
[BlackElo "1589"]
[Result "1-0"]
[Round "1"]
1.e4 e6
2.c4 d5
3.e5 c5
4.cxd5 exd5
5.Qd1h5 Nb8c6
6.a3 Qd8c7
7.Ng1f3 g6
8.Qh5g5 Bf8e7
9.Qg5e3 Bc8f5
10.Nb1c3 d4
11.Nc3b5 Qc7b6
12.Qe3b3 f6
13.exf6 Ng8xf6
14.a4 Nc6a5
15.Qb3a2 a6
16.Nb5c7 Qb6xc7
17.Nf3g5 Qc7e5
18.Bf1e2 Bf5d3
19.O-O Bd3xe2
20.Rf1e1 Qe5xg5
21.Re1xe2 Qg5d5
22.d3 Qd5xa2
23.Ra1xa2  { time }
1-0

[Event "Match"]
[Site "www.echecsemail.com"]
[Date "2017.11.07"]
[Round "1"]
[White "Chapi"]
[Black "Gidi5"]
[WhiteElo "2210"]
[BlackElo "2250"]
[Result "0-1"]
[Round "1"]
1.d4 Ng8f6
2.c4 e6
3.Nb1c3 Bf8b4
4.Bc1d2 O-O
5.a3 Bb4e7
6.Ng1f3 d5
7.cxd5 exd5
8.g3 b6
9.Bf1g2 Bc8b7
10.O-O Nb8d7
11.Qd1b3 c5
12.Bd2g5 cxd4
13.Nf3xd4 Nd7c5
14.Qb3c2 Ra8c8
15.Qc2d1 Nf6e4
16.Bg5xe7 Qd8xe7
17.Nd4f5 Qe7e5
18.Bg2h3 Ne4g5
19.Bh3g4 h5
20.Nf5h6 gxh6
21.Bg4xc8 Rf8xc8
22.Qd1d2 d4
23.h4 dxc3
24.bxc3 Nc5e4
25.Qd2e3 Rc8xc3
26.Qe3xc3 Qe5xc3
27.hxg5 Ne4xg3
{ resign }
0-1

[Event "Match"]
[Site "www.echecsemail.com"]
[Date "2017.11.07"]
[Round "1"]
[White "Whitekknight"]
[Black "Gambitmiau"]
[WhiteElo "1970"]
[BlackElo "1960"]
[Result "1-0"]
[Round "1"]
1.e4 Nb8c6
2.d4 d5
3.e5 Bc8f5
4.a3 a6
5.Ng1f3 h6
6.Nb1c3 e6
7.Bc1e3 Bf8e7
8.Bf1d3 Bf5g4
9.Bd3e2 Bg4xf3
10.Be2xf3 Be7g5
11.Qd1e2 Qd8e7
12.O-O h5
13.Qe2d2 Bg5xe3
14.Qd2xe3 f6
15.exf6 Ng8xf6
16.Rf1e1 O-O-O
17.h3 Rd8e8
18.Ra1d1 e5
19.dxe5 Nc6xe5
20.Qe3f4 Ne5xf3
21.Qf4xf3 Qe7c5
22.Re1xe8 Rh8xe8
23.Nc3xd5 Nf6xd5
24.Rd1xd5 Qc5xc2
25.Qf3f5 Qc2xf5
26.Rd5xf5 g6
27.Rf5f3 Re8e6
28.Kh2 c5
29.b3 Kd7
30.Kg3 g5
31.Rf3f5 h4
32.Kh2 Kc6
33.Rf5xg5 Re6e2
34.Rg5f5 Re2b2
35.Rf5f3 a5
36.g3 Kb5
37.g4 a4
38.b4 cxb4
39.axb4 Kxb4
40.Rf3f4 Ka5
41.g5 a3
42.Rf4f8 Rb2d2
43.g6 a2
44.Kg2 a1Q
45.Rf8a8 Kb6
46.Ra8xa1 Rd2d7
47.f4 Rd7d2
48.Kf3 Rd2h2
49.g7 Rh2xh3
50.Kf2 Rh3g3
51.Ra1g1 Kc7
52.Rg1xg3 hxg3
53.Kxg3 { resign }
1-0

[Event "Match"]
[Site "www.echecsemail.com"]
[Date "2017.11.07"]
[Round "1"]
[White "Whitekknight"]
[Black "Gidi5"]
[WhiteElo "1950"]
[BlackElo "2290"]
[Result "0-1"]
[Round "1"]
1.e4 e5
2.Ng1f3 Nb8c6
3.Bf1c4 Bf8e7
4.Nb1c3 Ng8f6
5.d3 O-O
6.O-O d6
7.Bc1e3 Nc6a5
8.Bc4b3 Na5xb3
9.axb3 Bc8g4
10.h3 Bg4d7
11.Nc3d5 Nf6xd5
12.exd5 a6
13.Kh2 f5
14.c4 e4
15.Nf3g1 Be7f6
16.d4 b5
17.c5 dxc5
18.dxc5 Bf6xb2
19.Ra1b1 Bb2e5
20.g3 Bd7e8
21.b4 g5
22.c6 Qd8f6
23.Qd1b3 Be8f7
24.Qb3d1 Ra8d8
25.Be3c5 Rd8xd5
26.Qd1e2 Rf8d8
27.Rf1d1 Rd5d3
28.Rd1xd3 Rd8xd3
29.Qe2c2 Qf6d8
30.Rb1f1 Be5xg3
31.Kh1 Bg3e5
32.Ng1e2 Rd3xh3
33.Kg1 Qd8f6
34.Kg2 Rh3h2
35.Kg1 Qf6h6
36.Ne2g3 Be5xg3
{ resign }
0-1

[Event "Match"]
[Site "www.echecsemail.com"]
[Date "2017.11.07"]
[Round "1"]
[White "Comrade"]
[Black "Tonino1"]
[WhiteElo "2270"]
[BlackElo "2170"]
[Result "1-0"]
[Round "1"]
1.c4 Ng8f6
2.Nb1c3 g6
3.d4 Bf8g7
4.e4 d6
5.f4 O-O
6.Bf1e2 c6
7.Ng1f3 Qd8c7
8.O-O e5
9.fxe5 dxe5
10.Nf3xe5 Nb8d7
11.Ne5f3 Rf8e8
12.Qd1c2 Nd7f8
13.h3 h6
14.Bc1e3 Nf6h5
15.e5 Nh5g3
16.Rf1f2 Ng3xe2
17.Rf2xe2 Bc8f5
18.Qc2d2 Kh7
19.g4 Bf5d7
20.Be3f4 Nf8e6
21.Bf4h2 Ra8d8
22.Nc3e4 c5
23.d5 Bd7c8
24.Ra1e1 Ne6d4
25.Nf3xd4 cxd4
26.Qd2xd4 b6
27.Ne4f6 Bg7xf6
28.exf6 Re8xe2
29.Re1xe2 Qc7b7
30.Re2e7 Rd8d7
31.Qd4e4 b5
32.Re7xd7 Bc8xd7
33.c5 a5
34.c6 Qb7b6
35.Kg2 Bd7c8
36.Qe4e8  { time }
1-0

[Event "Match"]
[Site "www.echecsemail.com"]
[Date "2017.11.07"]
[Round "1"]
[White "Et1"]
[Black "Chapi"]
[WhiteElo "1749"]
[BlackElo "2170"]
[Result "0-1"]
[Round "1"]
1.c4 g6
2.Ng1f3 Bf8g7
3.e3 c5
4.Nb1c3 Nb8c6
5.d3 Ng8f6
6.h3 O-O
7.g4 d5
8.cxd5 Nf6xd5
9.Nc3xd5 Qd8xd5
10.e4 Qd5d8
 { time }
0-1

[Event "1/128 Finale"]
[Site "www.chess-mail.com"]
[Date "2017.11.07"]
[Round "1"]
[White "Et1"]
[Black "Mitja"]
[WhiteElo "1809"]
[BlackElo "1930"]
[Result "0-1"]
[Round "1"]
1.g3 d5
2.d4 e6
3.Bc1d2 c6
4.Nb1c3 h6
5.Bf1g2 Ng8f6
6.Ng1f3 Nb8d7
7.O-O Nd7b6
8.b3 Bf8e7
9.Nf3e5 Nb6d7
10.Ne5xd7 Qd8xd7
 { time }
0-1

[Event "1/128 Finale"]
[Site "www.chess-mail.com"]
[Date "2017.11.07"]
[Round "1"]
[White "Ranjachess"]
[Black "Et1"]
[WhiteElo "1860"]
[BlackElo "1809"]
[Result "1-0"]
[Round "1"]
1.d4 Ng8f6
2.Bc1f4 d6
3.h3 b6
4.d5 e6
5.Nb1c3 e5
6.Bf4g5 Bf8e7
7.Bg5xf6 Be7xf6
8.e4 Bc8b7
9.Qd1d2 Bf6g5
10.Qd2d1 Nb8d7
11.Bf1b5  { time }
1-0

[Event "Tourn. n9574"]
[Site "www.chess-mail.com"]
[Date "2017.11.08"]
[Round "1"]
[White "Luban"]
[Black "Hundegana"]
[WhiteElo "2130"]
[BlackElo "2030"]
[Result "1-0"]
[Round "1"]
1.d4 f5
2.c4 g6
3.e3 Ng8f6
4.g3 e6
5.a3 c6
6.Bf1g2 Bf8e7
7.Nb1c3 O-O
8.Ng1e2 d5
9.cxd5 cxd5
10.O-O b6
11.Ne2f4 Nb8c6
12.b4 a6
13.Bc1b2 Ra8a7
14.Qd1b3 Kg7
15.Ra1c1 Ra7c7
16.Rf1d1 h6
17.Nc3a4 b5
18.Na4c5 g5
19.Nf4xe6 Bc8xe6
20.Nc5xe6 Kg6
21.Ne6xd8 Rf8xd8
22.Rc1c2 Rd8c8
23.Rd1c1 h5
24.Bg2xd5 Nf6xd5
25.Qb3xd5 Nc6xb4
26.Qd5e6 Be7f6
27.Rc2xc7 Rc8xc7
28.Rc1xc7 Nb4d3
29.Rc7f7 h4
30.Qe6xf6 Kh5
31.h3 Nd3xb2
32.Rf7h7 
1-0

[Event "Tourn. n9596"]
[Site "www.chess-mail.com"]
[Date "2017.11.08"]
[Round "1"]
[White "Joaodelisboa"]
[Black "Attatroll"]
[WhiteElo "1929"]
[BlackElo "2000"]
[Result "1-0"]
[Round "1"]
1.e4 d6
2.d4 Ng8f6
3.Nb1c3 g6
4.Bf1e2 Bf8g7
5.Ng1f3 O-O
6.O-O c5
7.dxc5 dxc5
8.Bc1e3 b6
9.Qd1xd8 Rf8xd8
10.Ra1d1 Nb8c6
11.Rd1xd8 Nc6xd8
12.Be3g5 Bc8b7
13.e5 Nf6e4
14.Nc3xe4 Bb7xe4
15.c3 Nd8e6
16.Bg5xe7 Ra8e8
17.Be7d6 Ne6f4
18.Be2b5 Re8d8
19.Nf3h4 g5
20.Nh4f3 h5
21.Nf3xg5 Be4xg2
22.Rf1e1 Bg2b7
23.Bb5c4 Rd8d7
24.Bc4xf7 Rd7xf7
25.e6 Nf4xe6
26.Re1xe6 Bb7d5
27.Re6e8 Bg7f8
28.Ng5xf7 { resign }
1-0

[Event "Tourn. n9596"]
[Site "www.chess-mail.com"]
[Date "2017.11.08"]
[Round "1"]
[White "Bojan"]
[Black "Attatroll"]
[WhiteElo "2000"]
[BlackElo "2000"]
[Result "1-0"]
[Round "1"]
1.e4 d6
2.d4 Ng8f6
3.Nb1c3 g6
4.Bc1e3 Bf8g7
5.h3 O-O
6.Bf1d3 Nb8c6
7.Nc3e2 Nc6b4
8.c3 Nb4xd3
9.Qd1xd3 Bc8d7
10.f4 Nf6e8
11.g4 c6
12.Ng1f3 Ne8c7
13.Ne2g3 a5
14.c4 Nc7a6
15.a3 Ra8c8
16.Ra1b1 c5
17.d5 Na6c7
18.Be3d2 b5
19.Bd2xa5 bxc4
20.Qd3xc4 Bd7b5
21.Qc4c2 Qd8d7
22.Nf3d2 Rc8a8
23.Ba5c3 Bb5a4
24.b3 Ba4b5
25.a4 Bb5a6
26.Kf2 f5
27.Bc3xg7 Kxg7
28.gxf5 gxf5
29.Ng3xf5 Kh8
30.Qc2c3 Rf8f6
31.Rh1g1 Ra8g8
32.Nf5h6 Rg8g6
33.Rg1xg6 hxg6
34.Kg3 Kh7
35.Nh6g4 Rf6f7
36.Nd2f3 Nc7e8
37.Nf3g5 Kg8
38.Ng4h6 { resign }
1-0

[Event "Tourn. n9571"]
[Site "www.chess-mail.com"]
[Date "2017.11.08"]
[Round "1"]
[White "Libiesse"]
[Black "Dussek"]
[WhiteElo "1820"]
[BlackElo "1810"]
[Result "1-0"]
[Round "1"]
1.d4 Ng8f6
2.c4 g6
3.Nb1c3 d5
4.cxd5 Nf6xd5
5.e4 Nd5xc3
6.bxc3 Bf8g7
7.Bc1e3 c5
8.Ng1f3 Bc8g4
9.Bf1e2 cxd4
10.cxd4 Nb8c6
11.O-O O-O
12.h3 Bg4d7
13.Qd1d2 Qd8c7
14.Rf1c1 Qc7d8
15.Ra1b1 b6
16.Kf1 Ra8c8
17.Be2a6 Rc8c7
18.Rc1c2 Nc6b8
19.Ba6d3 Nb8c6
20.Bd3a6 e5
21.d5 Nc6a5
22.Rb1c1 Rc7xc2
23.Rc1xc2 Qd8e7
24.Rc2c7 Qe7d6
25.Rc7c3 Qd6b4
26.Rc3c7 Rf8d8
27.Qd2xb4 { resign }
1-0

[Event "Tourn. n9539"]
[Site "www.chess-mail.com"]
[Date "2017.11.08"]
[Round "1"]
[White "Silikon"]
[Black "Cristiano"]
[WhiteElo "1870"]
[BlackElo "1690"]
[Result "0-1"]
[Round "1"]
1.e4 e5
2.Ng1f3 Nb8c6
3.c3 Ng8f6
4.d3 Bf8e7
5.Nf3g5 d6
6.Qd1b3 O-O
7.Bc1e3 d5
8.d4 h6
9.c4 hxg5
10.Be3xg5 dxe4
11.Qb3g3 exd4
12.Bg5h6 Nf6h5
13.Qg3b3 gxh6
14.Bf1e2 Nh5f4
15.Qb3g3 Nf4g6
16.Be2h5 Be7h4
17.Qg3b3 Nc6e5
18.Nb1d2 Ne5d3
19.Kf1 Bc8f5
20.c5 Bh4xf2
21.Bh5xg6 Bf5xg6
22.Qb3xb7 e3
23.Nd2e4 Qd8h4
24.Qb7xc7 Qh4xe4
25.Ra1b1 e2

0-1

[Event "Tourn. n9465"]
[Site "www.chess-mail.com"]
[Date "2017.11.08"]
[Round "1"]
[White "Julian"]
[Black "Azulmarino"]
[WhiteElo "1560"]
[BlackElo "1560"]
[Result "0-1"]
[Round "1"]
1.e4 e5
2.Ng1f3 Nb8c6
3.Bf1b5 a6
4.Bb5a4 b5
5.Ba4b3 h6
6.O-O Bf8b4
7.c3 Bb4c5
8.d4 exd4
9.cxd4 Bc5b6
10.Nb1c3 Qd8f6
11.Bc1e3 Ng8e7
12.e5 Qf6g6
13.Bb3c2 Ne7f5
14.Nc3e4 d6
15.exd6 cxd6
16.Ne4g3 Qg6f6
17.Ng3xf5 Bc8xf5
18.Bc2xf5 Nc6e7
19.Bf5e4 Ra8c8
20.Ra1c1 O-O
21.Qd1d2 Rc8d8
22.Be4b7 Ne7f5
23.Be3f4 Rf8e8
24.Bb7xa6 Bb6xd4
25.Ba6xb5 Re8f8
26.Nf3xd4 Nf5xd4
27.Bb5a4 g5
28.Bf4e3 Nd4f5
29.Be3b6 Rd8b8
30.Qd2b4 Qf6e7
31.Ba4b3 Nf5h4
32.Qb4d4 Qe7b7
33.Rc1c7 Qb7xg2
{ resign }
0-1

[Event "Tourn. n9592"]
[Site "www.chess-mail.com"]
[Date "2017.11.08"]
[Round "1"]
[White "Rons"]
[Black "Apdash"]
[WhiteElo "2630"]
[BlackElo "2240"]
[Result "1-0"]
[Round "1"]
1.e4 c5
2.Ng1f3 d6
3.d4 cxd4
4.Nf3xd4 Nb8c6
5.Nb1c3 a6
6.Bc1e3 Ng8f6
7.f3 d5
8.Nc3xd5 Nf6xd5
9.Nd4xc6 bxc6
10.exd5 Qd8xd5
11.c3 e5
12.Qd1b3 Bc8e6
13.Qb3a4 Be6d7
14.Ra1d1 Qd5e6
15.Bf1c4 Qe6f5
16.O-O Bf8e7
17.Rd1d2 c5
18.Rd2xd7 Qf5xd7
19.Bc4xf7 Kd8
20.Rf1d1 Be7d6
21.Qa4c4 Rh8f8
22.Bf7e6 Qd7b5
23.Rd1xd6 Ke7
24.Qc4d5 h6
25.Be6g4 Rf8f6
26.Rd6xf6 gxf6
27.Qd5e6 Kd8
28.Qe6d6 { resign }
1-0